Loading...
| Ancient History and Archaeology | 3 | 16.67 | 133% | 133% | 133% |
| Beliefs | 15 | 12.00 | 93% | 100% | 67% |
| British and Commonwealth History | 2 | 20.00 | 200% | 200% | 100% |
| Current Events | 1 | 0.00 | 0% | 0% | 0% |
| Fine Arts - Auditory | 8 | 15.00 | 200% | 88% | 88% |
| Fine Arts - Visual | 8 | 17.50 | 100% | 175% | 125% |
| Geography | 2 | 15.00 | 200% | 100% | 100% |
| History - American | 6 | 11.67 | 200% | 67% | 67% |
| History - European | 8 | 12.50 | 200% | 75% | 63% |
| History - World | 6 | 16.67 | 217% | 117% | 50% |
| Literature - American | 7 | 12.86 | 57% | 114% | 114% |
| Literature - British | 6 | 13.33 | 200% | 50% | 100% |
| Literature - European | 7 | 15.71 | 186% | 57% | 129% |
| Other Academic | 3 | 20.00 | 133% | 133% | 200% |
| Other Arts: Auditory | 3 | 13.33 | 133% | 133% | 67% |
| Other Arts: Visual | 5 | 12.00 | 160% | 40% | 120% |
| Other Science: Astronomy | 1 | 20.00 | 400% | 200% | 0% |
| Other Science: Computer Science | 2 | 10.00 | 200% | 100% | 0% |
| Other Science: Earth Science | 2 | 10.00 | 200% | 100% | 0% |
| Other Science: Math | 2 | 10.00 | 0% | 200% | 0% |
| Philosophy | 5 | 18.00 | 240% | 40% | 180% |
| Science - Biology | 6 | 16.67 | 267% | 100% | 100% |
| Science - Chemistry | 5 | 18.00 | 180% | 80% | 140% |
| Science - Physics | 7 | 12.86 | 114% | 86% | 100% |
| Social Science | 8 | 15.00 | 250% | 88% | 75% |
| World and Other Literature | 4 | 15.00 | 200% | 50% | 150% |